Kulturális - népművelési intézmények és a választások 1981 gyűjteménykötet

Bibliographic Details
Main Authors: Fábry, Viliam, 1929- (Author), Holečko, Miroslav, 1950- (Author), Chovanec, Jaroslav, 1935- (Author), Lovásová, Eva (múzejníčka) (Author), Czingel, Ladislav (Author), Halaša, Andrej, 1924-1988 (Author)
Format: Book
Language:Hungarian
PhysicalDescription:96 strán 29 cm
Published: Bratislava Osvetový ústav 1981
Edition:1. kiad.
Series:Nemzetiségek közötti kulturális-népnevelő munka
Subjects:

MARC

LEADER 00000cam a2200000 a 4500
001 vtls001102189
003 SK-MaSNL
005 20260311123040.0
008 250313s1981 xo fr 10000 hun
015 |a SNBA1981 
035 |a SNK000045031 
035 |a urn:nbn:sk:snk-am3izkg 
035 |a 4696101F-1C1F-4BD4-A230-8756C02EF969 
035 |a urn:nbn:sk:snk-am00gjtw 
040 |a SNK  |b slo  |c SNK  |e AACR2 
041 0 |a hun 
043 |a e-cs--- 
044 |a xo  |c SK 
080 |a 324(437)"1981":027.5(08)=945.11  |2 1981 
080 |a 027.5(08)=945.11  |2 1981 
080 |a 027.5  |2 1981 
080 |a 324(437)"1981"(08)=945.11  |2 1981 
080 |a 324  |2 2011 
080 |a 37.011  |2 2011 
080 |a 323.23  |2 2011 
080 |a (437)  |2 2011 
080 |a (082)  |2 2011 
245 0 0 |a Kulturális - népművelési intézmények és a választások 1981  |b gyűjteménykötet  |c [szerzők: közösség ; összeállította: Miroslav Holečko ... [et al.]] 
250 |a 1. kiad. 
260 |a Bratislava  |b Osvetový ústav  |c 1981 
300 |a 96 strán  |c 29 cm 
366 |e 250 kusov 
490 1 |a Nemzetiségek közötti kulturális-népnevelő munka 
500 |a Nepredajné 
504 |a Obsahuje bibliografické odkazy 
648 7 |a 1981  |2 SNKPH  |9 279160 
650 0 7 |a voľby  |2 SNKPH  |9 1580 
650 0 7 |a agitácia  |2 SNKPH  |9 28256 
650 0 7 |a osvetová práca  |2 SNKPH  |9 78021 
651 7 |a Československo  |2 SNKPHgeo  |9 21376 
655 7 |a zborníky  |2 SNKPH  |9 70165 
700 1 |a Fábry, Viliam,  |d 1929-  |4 aut  |9 206654 
700 1 |a Holečko, Miroslav,  |d 1950-  |4 aut  |9 237717 
700 1 |a Chovanec, Jaroslav,  |d 1935-  |4 aut  |9 85200 
700 1 |a Lovásová, Eva  |c (múzejníčka)  |4 aut  |9 75769 
700 1 |a Czingel, Ladislav  |4 aut  |9 369133 
700 1 |a Halaša, Andrej,  |d 1924-1988  |4 aut  |9 81806 
830 0 |a Nemzetiségek közötti kulturális-népnevelő munka  |9 369134 
852 |a Slovenská národná knižnica 
958 |a OND 
958 |a ART 
958 |a NB 
958 |a RM 
958 |a OP 
958 |a HU 
999 |c 613426  |d 615356 
952 |a SNK  |b SNK  |y PREZ  |7 0  |p 17A1001124  |o snkSB 31887  |i snkKSP 5363/81  |0 0  |1 0  |4 0  |d 2012-07-25  |f 1  |l 0  |r 2025-04-04 00:00:00  |w 2026-02-23 
952 |t P60, <04>, [BOOK], {604}  |a SNK  |b SNK  |y VYP  |7 0  |p 17A0096671  |o snkSB 31887 D1  |i snkKSP 5364/81  |0 0  |1 0  |4 0  |d 1998-10-05  |l 0  |r 2004-12-31 00:00:00  |w 2026-02-23